000 01252nam a22003257a 4500
003 CHAP
005 20220329143654.0
008 101208s2010 mx a r 00010 spa d
010 _a100105
011 _a101077
020 _a9786071201294
035 _a111763
040 _cCHAP
082 1 4 _a636.085
_bG58
100 0 0 _aGonzález Embarcadero, Antonia.
_948874
245 1 0 _aTécnica microhistológica para la determinación de la composición botánica de la dieta de herbívoros
_c/por Antonia González Embarcadero y Ricardo Daniel Améndola Massiotti
260 _aChapingo, Méx. :
_bUACH,
_c2010
300 _a121 p. :
_bilus., cuadros
590 _aBATCH-UPD
_b10
_c20130110
_lUCH01
_h1215
590 _aBATCH-UPD
_b10
_c20130410
_lUCH01
_h0752
590 _aBATCH-UPD
_b10
_c20130914
_lUCH01
_h0236
590 _aCONVERSION
_b10
_c20130109
_lUCH01
_h1355
650 1 4 _aAlimentos y alimentacion del ganado
_xAnalisis.
_94327
650 1 4 _aAlimentos y alimentación del ganado
_xDigestibilidad.
_94333
650 1 4 _aAlimentos y alimentación del ganado
_xValor nutritivo.
_94347
700 1 _aAméndola Massiotti, Ricardo D.
_95360
901 _aBK
942 _cLIBRO
949 _a636.085 G58
_bBC
_cUACH
_d33724002225520
_eUACH
_h113950
_i111763
_sb
999 _c100105
_d100105